000 00867cab a2200337 4500
001 ABS57726
008 090401t1997 xxu||||| |||| 00| 0 eng d
035 _a(Sirsi) u81789
041 _aeng
110 _aEstates Gazette
_9298
245 _aFocus `97: M25 Junctions 25-31
260 _c1997
350 _a0
490 _aEstates Gazette
_v(9743) 25 October 1997, 91-121(16)
650 _aBRENTWOOD
650 _aCHESHUNT
650 _aDAGENHAM
650 _aENFIELD
650 _aESSEX
650 _aGRAYS
650 _aHODDESDON
650 _aILFORD
650 _aM25 CORRIDOR
650 _aPROPERTY-COMMERCIAL PROPERTY-OFFICE PROPERTY-OFFICE PROPERTY MARKET
650 _aROMFORD
650 _aTHURROCK
650 _aTILBURY
690 _aPROPERTY-COMMERCIAL PROPERTY-COMMERCIAL PROPERTY MARKET
942 _n0
948 _c30/10/1997
999 _c51567
_d51567